UBT Library

National procedures for the implementation of European Standards / (Record no. 373)

000 -LEADER
fixed length control field 00498nam a22001937a 4500
008 - FIXED-LENGTH DATA ELEMENTS--GENERAL INFORMATION
fixed length control field 131129b xxu||||| |||| 00| 0 eng d
020 ## - INTERNATIONAL STANDARD BOOK NUMBER
International Standard Book Number 9290971568
041 0# - LANGUAGE CODE
Language code of text/sound track or separate title eng
080 ## - UNIVERSAL DECIMAL CLASSIFICATION NUMBER
Universal Decimal Classification number 347
Common auxiliary subdivision (083.74)
110 ## -
-- CEN
243 ## - COLLECTIVE UNIFORM TITLE
Unifor title <a href="CEN">CEN</a>
245 00 - TITLE STATEMENT
Title National procedures for the implementation of European Standards /
250 ## -
-- second edition
260 ## -
-- 1992.
300 ## -
-- 67 f. :
-- 30 cm.
500 ## -
-- Preface : f. III
650 #0 -
-- E drejta civile
-- Standarde
-- Europa
942 ## - ADDED ENTRY ELEMENTS (KOHA)
Source of classification or shelving scheme
Item type Books
Holdings
Withdrawn status Lost status Source of classification or shelving scheme Damaged status Not for loan Collection code Permanent location Current location Shelving location Date acquired Total Checkouts Full call number Barcode Date last seen Price effective from Koha item type
          Koleksioni i përgjithshem UBT - Prishtine UBT - Prishtine Koleksioni i përgjithshem 11/29/2013   347 (083.74) NAT 001-000503 11/29/2013 11/29/2013 Books
UBT Library © 2015-2024. All rights reserved University Education for Business and Technology